[Event "21. Copenhagen Open  (Politiken Cup)"]
[Site "Copenhagen"]
[Date "1999.07.04"]
[Round "2"]
[White "Sinkbaek, Aage"]
[Black "Hillarp Persson, Tiger"]
[Result "0-1"]
[WhiteElo "2232"]
[BlackElo "2507"]
[PlyCount "124"]
[EventDate "1999.07.03"]
[EventType "swiss"]
[EventRounds "11"]
[EventCountry "DEN"]
[SourceDate "2004.01.01"]

1. Nf3 g6 2. g3 Bg7 3. d4 Nf6 4. Bg2 O-O 5. O-O d6 6. Nc3 Nbd7 7. e4 e5 8. dxe5
dxe5 9. Qe2 c6 10. Rd1 Qe7 11. h3 b5 12. Bg5 h6 13. Bxf6 Bxf6 14. a4 b4 15. Nb1
Nc5 16. Nbd2 Ba6 17. Qe3 Bg5 18. Nxg5 hxg5 19. Bf1 Bxf1 20. Kxf1 Rad8 21. b3
Ne6 22. Nf3 f6 23. Qe2 c5 24. Rxd8 Rxd8 25. Rd1 Nd4 26. Nxd4 cxd4 27. Qc4+ Kg7
28. Kg2 Qb7 29. f3 Rc8 30. Qe2 Rc3 31. Rd3 Rc5 32. Rd2 Qc6 33. g4 a6 34. Kf1
Rc3 35. Kf2 Kf7 36. Kf1 f5 37. gxf5 gxf5 38. Qg2 Qg6 39. Rd3 fxe4 40. fxe4 Qf6+
41. Ke1 Qf4 42. Kd1 Kg6 43. Qe2 a5 44. Qg2 Rxd3+ 45. cxd3 Kh5 46. Kc2 Kh4 47.
Kb2 Qg3 48. Qf1 Qh2+ 49. Ka1 Kg3 50. Qf5 Qg1+ 51. Kb2 Qf2+ 52. Kc1 Qe1+ 53. Kb2
Qc3+ 54. Ka2 Qc2+ 55. Ka1 Qc1+ 56. Ka2 Qa3+ 57. Kb1 Qxb3+ 58. Kc1 Qa3+ 59. Kb1
Qxd3+ 60. Kb2 Qd2+ 61. Kb1 b3 62. Qxe5+ Kg2 0-1

[Event "21. Copenhagen Open  (Politiken Cup)"]
[Site "Copenhagen"]
[Date "1999.07.04"]
[Round "2"]
[White "Sorensen, Torben N"]
[Black "Skare, Karl Andre"]
[Result "1/2-1/2"]
[WhiteElo "2348"]
[BlackElo "2164"]
[PlyCount "143"]
[EventDate "1999.07.03"]
[EventType "swiss"]
[EventRounds "11"]
[EventCountry "DEN"]
[SourceDate "2004.01.01"]

1. Nf3 Nf6 2. c4 c5 3. Nc3 Nc6 4. g3 g6 5. Bg2 Bg7 6. O-O O-O 7. d3 d5 8. cxd5
Nxd5 9. Nxd5 Qxd5 10. Be3 Qd6 11. Rc1 Nd4 12. Nxd4 cxd4 13. Bd2 Be6 14. Qa4 Qb6
15. Rc2 Rfc8 16. Rfc1 Rxc2 17. Rxc2 Be5 18. Bb4 Bxa2 19. Rc5 Bd6 20. Rb5 Bb3
21. Rxb6 Bxa4 22. Rxb7 Bd1 23. Bxd6 exd6 24. Bd5 Rc8 25. Bxf7+ Kh8 26. Rd7 Bxe2
27. Rxd6 Rc2 28. Kg2 Rxb2 29. Rxd4 Rd2 30. Bc4 a5 31. Rd8+ Kg7 32. Rd7+ Kh8 33.
Rd8+ Kg7 34. Rd7+ Kh8 35. h3 a4 36. Rd8+ Kg7 37. Rd7+ Kh8 38. Ra7 Bxd3 39. Bxd3
Rxd3 40. Rxa4 Rd7 41. g4 h6 42. h4 Rf7 43. Kg3 Kg7 44. Ra5 Rb7 45. f3 Rc7 46.
Kf4 Rf7+ 47. Ke4 Re7+ 48. Re5 Ra7 49. Rd5 Re7+ 50. Kf4 Rf7+ 51. Kg3 Ra7 52. Rd6
Rb7 53. Kf2 Re7 54. f4 Ra7 55. Ke3 Ra1 56. Rd7+ Kf6 57. Rd6+ Kg7 58. Rd5 Rg1
59. g5 Rg4 60. Rd7+ Kh8 61. Rd8+ Kh7 62. Rd7+ Kh8 63. Rd6 Kh7 64. h5 hxg5 65.
hxg6+ Kg7 66. f5 Rf4 67. Rd7+ Kg8 68. Rf7 Kh8 69. Ke2 Kg8 70. Kd3 g4 71. Ke3 g3
72. Kxf4 1/2-1/2

[Event "21. Copenhagen Open  (Politiken Cup)"]
[Site "Copenhagen"]
[Date "1999.07.04"]
[Round "2"]
[White "Tjornsted, Peter"]
[Black "Brantzeg, Pal"]
[Result "1-0"]
[WhiteElo "1837"]
[BlackElo "1476"]
[PlyCount "131"]
[EventDate "1999.07.03"]
[EventType "swiss"]
[EventRounds "11"]
[EventCountry "DEN"]
[SourceDate "2004.01.01"]

1. d4 Nf6 2. Nf3 e6 3. Bf4 d5 4. e3 c5 5. c3 Nc6 6. Be2 Be7 7. Ne5 O-O 8. Nd2
Nxe5 9. Bxe5 cxd4 10. cxd4 Bd7 11. O-O Qb6 12. Qb3 Qa5 13. Nf3 Bc6 14. h3 Ne4
15. Qd3 a6 16. Rfc1 Bb5 17. Qd1 Bxe2 18. Qxe2 Rac8 19. a3 b5 20. Rc2 f6 21. Bf4
Bd6 22. Bxd6 Nxd6 23. Rac1 Qb6 24. Ne1 Rxc2 25. Rxc2 Nc4 26. Nd3 Rd8 27. Qe1
Kf7 28. Qc1 Ke7 29. b3 Na5 30. Rc7+ Rd7 31. Rxd7+ Kxd7 32. Qd1 Qd6 33. Nc5+ Ke7
34. Qh5 h6 35. Qg6 Kf8 36. Qh7 Kf7 37. Qh8 Qc6 38. Qb8 Kg6 39. Qa7 e5 40. dxe5
fxe5 41. Qxa6 Qxa6 42. Nxa6 Nxb3 43. Nc7 d4 44. Nxb5 d3 45. Kf1 Kf5 46. f3 Ke6
47. e4 Kd7 48. Kf2 Kc6 49. Nc3 Kc5 50. Ke3 Kc4 51. Na4 Nc1 52. Kd2 Nb3+ 53. Kd1
Kd4 54. Nb2 Na1 55. a4 Kc3 56. a5 Nc2 57. Na4+ Kd4 58. a6 Ne3+ 59. Kc1 Nc4 60.
a7 d2+ 61. Kc2 Ke3 62. a8=Q Ke2 63. Nc3+ Ke1 64. Qa1+ Kf2 65. Kd3 d1=Q+ 66.
Nxd1+ 1-0

[Event "21. Copenhagen Open  (Politiken Cup)"]
[Site "Copenhagen"]
[Date "1999.07.04"]
[Round "2"]
[White "Vistisen, Lars"]
[Black "Adamski, Jan"]
[Result "0-1"]
[WhiteElo "2199"]
[BlackElo "2418"]
[PlyCount "50"]
[EventDate "1999.07.03"]
[EventType "swiss"]
[EventRounds "11"]
[EventCountry "DEN"]
[SourceDate "2004.01.01"]

1. e4 c5 2. d4 cxd4 3. c3 dxc3 4. Nxc3 e6 5. Nf3 Bc5 6. Bc4 Ne7 7. O-O O-O 8.
e5 d5 9. exd6 Bxd6 10. Nb5 Nd5 11. Nxd6 Qxd6 12. Qe2 Nd7 13. Rd1 b6 14. b4 Bb7
15. Bb2 Rac8 16. Rd4 Rfd8 17. Rad1 Nf8 18. Ng5 Qc7 19. Qg4 Nf6 20. Qe2 Rxd4 21.
Rxd4 h6 22. Nf3 Bxf3 23. gxf3 e5 24. Rh4 Ng6 25. Ba6 Nxh4 0-1

[Event "21. Copenhagen Open  (Politiken Cup)"]
[Site "Copenhagen"]
[Date "1999.07.04"]
[Round "2"]
[White "Ward, Christopher"]
[Black "Trygstad, Kristian"]
[Result "1-0"]
[WhiteElo "2473"]
[BlackElo "2227"]
[PlyCount "71"]
[EventDate "1999.07.03"]
[EventType "swiss"]
[EventRounds "11"]
[EventCountry "DEN"]
[SourceDate "2004.01.01"]

1. d4 d6 2. e4 Nf6 3. f3 d5 4. e5 Ng8 5. c4 c6 6. Nc3 Be6 7. c5 g6 8. b4 Nd7 9.
Nge2 Qc7 10. Nf4 Bg7 11. Nxe6 fxe6 12. f4 Nxe5 13. dxe5 Bxe5 14. fxe5 Qxe5+ 15.
Kd2 d4 16. Bd3 dxc3+ 17. Kc2 Nf6 18. Qe2 Qd4 19. Qxe6 Nd5 20. a3 Rf8 21. Rd1
Rf2+ 22. Kb3 Qg7 23. Bc2 a5 24. bxa5 Rxa5 25. a4 Rxc5 26. Be3 Nxe3 27. Qxe3
Qf7+ 28. Ka3 b6 29. Qd4 Qf6 30. Qd8+ Kf7 31. Qxb6 Qe5 32. Rf1 Rxf1 33. Rxf1+
Kg7 34. Qd8 Kh6 35. Qf8+ Kg5 36. h4+ 1-0

[Event "21. Copenhagen Open  (Politiken Cup)"]
[Site "Copenhagen"]
[Date "1999.07.05"]
[Round "3"]
[White "Adamski, Jan"]
[Black "Larsen, Peter"]
[Result "1/2-1/2"]
[WhiteElo "2418"]
[BlackElo "2259"]
[PlyCount "50"]
[EventDate "1999.07.03"]
[EventType "swiss"]
[EventRounds "11"]
[EventCountry "DEN"]
[SourceDate "2004.01.01"]

1. c4 f5 2. Nc3 Nf6 3. g3 e5 4. Bg2 Nc6 5. d3 d6 6. e4 g6 7. Nge2 Bg7 8. O-O
O-O 9. Nd5 Ne7 10. Nxf6+ Bxf6 11. Bh6 Bg7 12. Bxg7 Kxg7 13. Qd2 Nc6 14. exf5
Bxf5 15. d4 Nxd4 16. Nxd4 exd4 17. Qxd4+ Qf6 18. Qd2 Rae8 19. Rfe1 b6 20. Bc6
Rxe1+ 21. Rxe1 Rf7 22. h4 Re7 23. Rxe7+ Qxe7 24. a3 Qe5 25. Kh2 Be6 1/2-1/2

[Event "21. Copenhagen Open  (Politiken Cup)"]
[Site "Copenhagen"]
[Date "1999.07.05"]
[Round "3"]
[White "Baburin, Alexander"]
[Black "Naes, Flovin Tor"]
[Result "1-0"]
[WhiteElo "2593"]
[BlackElo "2222"]
[PlyCount "107"]
[EventDate "1999.07.03"]
[EventType "swiss"]
[EventRounds "11"]
[EventCountry "DEN"]
[SourceDate "2004.01.01"]

1. d4 d5 2. c4 dxc4 3. e3 Nf6 4. Bxc4 e6 5. Nf3 c5 6. O-O Nc6 7. dxc5 Qxd1 8.
Rxd1 Bxc5 9. a3 a5 10. b3 Ke7 11. Bb2 b6 12. Nc3 Ba6 13. Bxa6 Rxa6 14. Ng5 Rd8
15. Nce4 Nxe4 16. Nxe4 f6 17. Rxd8 Nxd8 18. Rc1 Bd6 19. Rc8 b5 20. a4 b4 21. f4
Kd7 22. Rc5 Nb7 23. Rb5 Kc7 24. g4 Rb6 25. Rxb6 Kxb6 26. g5 fxg5 27. Nxg5 Nc5
28. Bd4 Kc6 29. Bxc5 Bxc5 30. Kf2 Kd5 31. Kf3 h6 32. e4+ Kd6 33. Nf7+ Ke7 34.
Ne5 Bb6 35. Nc4 Bc7 36. e5 Kd7 37. Ke4 g6 38. Ne3 h5 39. Nc2 Bb6 40. Ne1 Bd8
41. Nf3 Kc6 42. Nd4+ Kd7 43. Kd3 Bb6 44. Nf3 Kc6 45. Nh4 Bg1 46. h3 Kd5 47.
Nxg6 Bc5 48. Nh4 Be7 49. Ng2 Bd8 50. Ne3+ Kc5 51. Ke4 Bb6 52. Nc4 Bd8 53. f5
exf5+ 54. Kxf5 1-0

[Event "21. Copenhagen Open  (Politiken Cup)"]
[Site "Copenhagen"]
[Date "1999.07.05"]
[Round "3"]
[White "Barkhagen, Jonas"]
[Black "Jorgensen, Michael"]
[Result "1-0"]
[WhiteElo "2442"]
[BlackElo "2274"]
[PlyCount "77"]
[EventDate "1999.07.03"]
[EventType "swiss"]
[EventRounds "11"]
[EventCountry "DEN"]
[SourceDate "2004.01.01"]

1. e4 e6 2. d4 d5 3. Nd2 Nf6 4. e5 Nfd7 5. Bd3 c5 6. c3 Nc6 7. Ne2 cxd4 8. cxd4
f6 9. exf6 Nxf6 10. Nf3 Bd6 11. Bf4 Bxf4 12. Nxf4 O-O 13. O-O Ne4 14. g3 Ng5
15. Ne5 Nxe5 16. dxe5 Rxf4 17. gxf4 Nh3+ 18. Kh1 Nxf4 19. Rg1 Bd7 20. Rg4 Qf8
21. Qf3 Nxd3 22. Qxd3 Bc6 23. Kg1 Qf7 24. Rd1 Rf8 25. Qg3 Qc7 26. Rdd4 Be8 27.
Rdf4 Rxf4 28. Qxf4 Bg6 29. h4 Bf5 30. Rg3 Qd8 31. Qb4 Qc7 32. Qd6 Qc1+ 33. Kh2
g6 34. Qb8+ Kg7 35. Qxb7+ Kh6 36. Qe7 Qxb2 37. Qf8+ Kh5 38. Rg5+ Kxh4 39. Qh6#
1-0

[Event "21. Copenhagen Open  (Politiken Cup)"]
[Site "Copenhagen"]
[Date "1999.07.05"]
[Round "3"]
[White "Bekker Jensen, Anne"]
[Black "Raunkjaer, Jonas"]
[Result "1-0"]
[WhiteElo "2074"]
[BlackElo "1607"]
[PlyCount "51"]
[EventDate "1999.07.03"]
[EventType "swiss"]
[EventRounds "11"]
[EventCountry "DEN"]
[SourceDate "2004.01.01"]

1. d4 Nf6 2. c4 g6 3. Nc3 d5 4. cxd5 Nxd5 5. e4 Nxc3 6. bxc3 Bg7 7. Bc4 c5 8.
Be3 Nc6 9. Ne2 cxd4 10. cxd4 b5 11. Bd5 Qa5+ 12. Qd2 Qxd2+ 13. Kxd2 Bd7 14.
Rab1 a6 15. Rhc1 Rc8 16. e5 O-O 17. Ke1 Rfd8 18. Be4 Na5 19. Bd2 Nc4 20. Bb4
Bf8 21. Bc5 Bc6 22. Bxc6 Rxc6 23. a4 Rb8 24. Rxc4 e6 25. axb5 axb5 26. Rcc1 1-0

[Event "21. Copenhagen Open  (Politiken Cup)"]
[Site "Copenhagen"]
[Date "1999.07.05"]
[Round "3"]
[White "Bekker Jensen, David"]
[Black "Aagaard, Jacob"]
[Result "1/2-1/2"]
[WhiteElo "2264"]
[BlackElo "2403"]
[PlyCount "24"]
[EventDate "1999.07.03"]
[EventType "swiss"]
[EventRounds "11"]
[EventCountry "DEN"]
[SourceDate "2004.01.01"]

1. d4 e6 2. c4 Bb4+ 3. Bd2 Qe7 4. Nf3 f5 5. g3 b6 6. Bg2 Bb7 7. O-O Bxd2 8.
Qxd2 Nf6 9. Nc3 O-O 10. Rad1 d6 11. d5 e5 12. Ng5 Na6 1/2-1/2

[Event "21. Copenhagen Open  (Politiken Cup)"]
[Site "Copenhagen"]
[Date "1999.07.05"]
[Round "3"]
[White "Birgisdottir, Ingibjorg Edda"]
[Black "Henrichsen, Jens"]
[Result "1/2-1/2"]
[WhiteElo "1295"]
[BlackElo "2059"]
[PlyCount "51"]
[EventDate "1999.07.03"]
[EventType "swiss"]
[EventRounds "11"]
[EventCountry "DEN"]
[SourceDate "2004.01.01"]

1. e4 c5 2. Nf3 Nc6 3. c3 d5 4. exd5 Qxd5 5. d4 e6 6. Be3 Nf6 7. Nbd2 Ng4 8.
Bc4 Nxe3 9. fxe3 Qd8 10. O-O Be7 11. Bb5 O-O 12. Bxc6 bxc6 13. Ne5 Qc7 14. Qh5
f6 15. Nd3 g6 16. Qf3 Ba6 17. Nf4 Qd7 18. Rfd1 cxd4 19. exd4 e5 20. Nh3 exd4
21. Nb3 c5 22. cxd4 cxd4 23. Nf4 Rad8 24. Qe4 Bc4 25. Nxg6 hxg6 26. Qxg6+
1/2-1/2

[Event "21. Copenhagen Open  (Politiken Cup)"]
[Site "Copenhagen"]
[Date "1999.07.05"]
[Round "3"]
[White "Bogdanov, Dimitri"]
[Black "Rasmussen, Morten Fredsgaard"]
[Result "1-0"]
[WhiteElo "2175"]
[BlackElo "1771"]
[PlyCount "119"]
[EventDate "1999.07.03"]
[EventType "swiss"]
[EventRounds "11"]
[EventCountry "DEN"]
[SourceDate "2004.01.01"]

1. e4 e5 2. Nf3 Nc6 3. Bb5 a6 4. Ba4 b5 5. Bb3 Bb7 6. O-O Nf6 7. Re1 g6 8. c3
Bg7 9. d4 d6 10. Nbd2 O-O 11. Nf1 Ne7 12. Ng3 Nd7 13. h4 h6 14. Be3 Kh8 15. Qd2
Ng8 16. Bc2 Qe7 17. h5 Rad8 18. a4 Nb6 19. axb5 axb5 20. b3 Ra8 21. Qe2 Qd7 22.
Bd3 c6 23. dxe5 Nc8 24. Rxa8 Bxa8 25. hxg6 fxg6 26. Nh4 Nce7 27. exd6 Qxd6 28.
Qc2 Qf6 29. Nf3 Qxc3 30. Qxc3 Bxc3 31. Rc1 Bg7 32. Kf1 Rd8 33. Ke2 Nf6 34. Bc5
Re8 35. Nd4 Nd7 36. Ne6 Nxc5 37. Rxc5 Bb2 38. Rc2 Ba3 39. f4 Bb4 40. Ra2 Bb7
41. Ra7 Bc8 42. Ra8 Kg8 43. Kf2 Kf7 44. f5 Bd6 45. Ne2 Be5 46. g4 Ng8 47. N2f4
Ne7 48. Kf3 Bd6 49. Nd4 Be5 50. Nfe6 Bxe6 51. fxe6+ Kf8 52. Rxe8+ Kxe8 53. Ke3
Kf8 54. Nf3 Bc7 55. Kd4 g5 56. Kc5 Kg7 57. e5 Nd5 58. Be4 Nf4 59. Bf5 Nd3+ 60.
Bxd3 1-0

[Event "21. Copenhagen Open  (Politiken Cup)"]
[Site "Copenhagen"]
[Date "1999.07.05"]
[Round "3"]
[White "Brameld, Arthur F"]
[Black "Mah, Karl"]
[Result "0-1"]
[WhiteElo "2109"]
[BlackElo "2316"]
[PlyCount "50"]
[EventDate "1999.07.03"]
[EventType "swiss"]
[EventRounds "11"]
[EventCountry "DEN"]
[SourceDate "2004.01.01"]

1. d4 d5 2. g3 Nf6 3. Bg2 c6 4. Nf3 Bg4 5. Ne5 Bf5 6. c4 e6 7. Qb3 Qc8 8. Nc3
Nbd7 9. Bf4 Be7 10. O-O Nxe5 11. Bxe5 O-O 12. Rac1 Qd7 13. Rfd1 Rfd8 14. cxd5
exd5 15. f3 Be6 16. Qa4 Nh5 17. g4 f6 18. gxh5 fxe5 19. dxe5 Bc5+ 20. Kh1 Be3
21. Ra1 d4 22. Ne4 Qe7 23. Rd3 b5 24. Qd1 Bc4 25. Ra3 Qxe5 0-1

[Event "21. Copenhagen Open  (Politiken Cup)"]
[Site "Copenhagen"]
[Date "1999.07.05"]
[Round "3"]
[White "Brantzeg, Pal"]
[Black "Mathiesen, Erik"]
[Result "0-1"]
[WhiteElo "1476"]
[BlackElo "1891"]
[PlyCount "142"]
[EventDate "1999.07.03"]
[EventType "swiss"]
[EventRounds "11"]
[EventCountry "DEN"]
[SourceDate "2004.01.01"]

1. d4 d5 2. Nf3 Nf6 3. e3 Bg4 4. c4 e6 5. Nbd2 c6 6. Qb3 Qb6 7. Qxb6 axb6 8.
cxd5 exd5 9. Bd3 Nbd7 10. h3 Bh5 11. O-O Bd6 12. b3 O-O 13. Bb2 Rfe8 14. Rfc1
Bg6 15. Bxg6 hxg6 16. a4 Bb4 17. Ba3 Bxa3 18. Rxa3 Ra7 19. b4 Rea8 20. Rca1 Ne8
21. Nb3 Nd6 22. Ne1 Nb5 23. R3a2 Nc3 24. Ra3 Rxa4 25. Rxa4 Rxa4 26. Nd3 Rxa1+
27. Nxa1 Kf8 28. Kf1 Ke7 29. Ke1 Kd6 30. Nb3 f6 31. f3 Nb8 32. Kd2 Nb1+ 33. Ke2
Na6 34. h4 Na3 35. Kd2 Nc4+ 36. Ke2 Ke7 37. g3 Nd6 38. g4 Nc4 39. e4 dxe4 40.
fxe4 f5 41. gxf5 gxf5 42. Kf3 fxe4+ 43. Kxe4 Kf6 44. Kf4 g6 45. Kg4 Ne3+ 46.
Kf4 Nf5 47. Kg4 Nc7 48. Nf4 Ne3+ 49. Kf3 Ncd5 50. Nxd5+ Nxd5 51. b5 cxb5 52.
Ke4 Ke6 53. Nd2 b4 54. Nb3 Nc3+ 55. Kf4 Kf6 56. Nd2 b5 57. Nb3 b6 58. Nd2 Nd5+
59. Ke4 Ke6 60. Nb3 Ne7 61. Kf4 Kf6 62. Kg4 Nf5 63. h5 gxh5+ 64. Kxh5 Ne3 65.
d5 Ke5 66. d6 Kxd6 67. Kg5 Kd5 68. Kf4 Nc2 69. Kf3 Nd4+ 70. Nxd4 Kxd4 71. Ke2
Kc3 0-1

[Event "21. Copenhagen Open  (Politiken Cup)"]
[Site "Copenhagen"]
[Date "1999.07.05"]
[Round "3"]
[White "Byrn, Carsten"]
[Black "Hansen, Erik Svaerke"]
[Result "1-0"]
[WhiteElo "2055"]
[BlackElo "1626"]
[PlyCount "49"]
[EventDate "1999.07.03"]
[EventType "swiss"]
[EventRounds "11"]
[EventCountry "DEN"]
[SourceDate "2004.01.01"]

1. d4 Nf6 2. c4 e6 3. Nf3 d5 4. g3 b6 5. Bg2 Bb7 6. Ne5 Be7 7. O-O O-O 8. Qc2
Nbd7 9. Rd1 c5 10. Nxd7 Qxd7 11. cxd5 exd5 12. dxc5 bxc5 13. Nd2 Rfc8 14. Nc4
Qb5 15. a4 Qa6 16. Ne5 h6 17. a5 d4 18. Qb3 Bxg2 19. Qxf7+ Kh8 20. Bxh6 Nh5 21.
Qxh5 Be4 22. Bg5+ Kg8 23. Bxe7 Qe6 24. Bh4 Re8 25. Nd3 1-0

[Event "21. Copenhagen Open  (Politiken Cup)"]
[Site "Copenhagen"]
[Date "1999.07.05"]
[Round "3"]
[White "Carlsson, Pontus"]
[Black "Sorensen, Torben N"]
[Result "1-0"]
[WhiteElo "2186"]
[BlackElo "2348"]
[PlyCount "39"]
[EventDate "1999.07.03"]
[EventType "swiss"]
[EventRounds "11"]
[EventCountry "DEN"]
[SourceDate "2004.01.01"]

1. e4 e5 2. Nf3 Nc6 3. d4 exd4 4. Nxd4 Bc5 5. Be3 Qf6 6. c3 Nge7 7. Bc4 Qg6 8.
Nxc6 Qxc6 9. Bxf7+ Kxf7 10. Qh5+ g6 11. Qxc5 Qxe4 12. Nd2 Qxg2 13. O-O-O Qc6
14. Qe5 Rg8 15. Ne4 b6 16. Rd6 Qa4 17. Bg5 Re8 18. Bh6 Rg8 19. Ng5+ Ke8 20. Re1
1-0

[Event "21. Copenhagen Open  (Politiken Cup)"]
[Site "Copenhagen"]
[Date "1999.07.05"]
[Round "3"]
[White "Christensen, Stefan"]
[Black "Gislason, Ingolfur"]
[Result "1-0"]
[WhiteElo "2196"]
[BlackElo "1810"]
[PlyCount "87"]
[EventDate "1999.07.03"]
[EventType "swiss"]
[EventRounds "11"]
[EventCountry "DEN"]
[SourceDate "2004.01.01"]

1. e4 e6 2. d4 d5 3. Nc3 Bb4 4. e5 c5 5. a3 Bxc3+ 6. bxc3 Ne7 7. Qg4 Qc7 8.
Qxg7 Rg8 9. Qxh7 cxd4 10. Kd1 dxc3 11. Nf3 Nbc6 12. Ng5 Nxe5 13. Bf4 f6 14.
Bxe5 Qxe5 15. Qf7+ Kd8 16. Qxg8+ Nxg8 17. Nf7+ Ke7 18. Nxe5 fxe5 19. f3 Nf6 20.
g4 Bd7 21. Rb1 Bc6 22. Bb5 d4 23. Bxc6 bxc6 24. Rb7+ Kd6 25. h4 Nd5 26. h5 e4
27. fxe4 Ne3+ 28. Kc1 Nxg4 29. h6 Rh8 30. h7 Nf6 31. Rxa7 Nxe4 32. Rg7 Nf6 33.
Rf7 Nxh7 34. Rhxh7 Rg8 35. Rhg7 Rh8 36. Rh7 Rg8 37. Rfg7 Rf8 38. Kd1 Rf2 39.
Rd7+ Ke5 40. Rh5+ Ke4 41. Rh1 Rd2+ 42. Kc1 e5 43. Re1+ Kf5 44. Re7 1-0

[Event "21. Copenhagen Open  (Politiken Cup)"]
[Site "Copenhagen"]
[Date "1999.07.05"]
[Round "3"]
[White "Christensen, Thomas"]
[Black "Bosch, Jeroen"]
[Result "0-1"]
[WhiteElo "2231"]
[BlackElo "2433"]
[PlyCount "82"]
[EventDate "1999.07.03"]
[EventType "swiss"]
[EventRounds "11"]
[EventCountry "DEN"]
[SourceDate "2004.01.01"]

1. c4 e6 2. Nc3 d5 3. d4 c5 4. cxd5 exd5 5. Nf3 Nc6 6. g3 Nf6 7. Bg2 Be7 8. O-O
O-O 9. Be3 c4 10. Ne5 h6 11. Nxc6 bxc6 12. Bf4 Bf5 13. Qa4 Qb6 14. e4 Be6 15.
Rab1 dxe4 16. Nxe4 Bf5 17. Rfe1 Rad8 18. Be5 Ng4 19. Qxc4 Nxe5 20. dxe5 Be6 21.
Qe2 Bxa2 22. Ra1 Bd5 23. Nc3 Bxg2 24. Kxg2 Bb4 25. Red1 Bxc3 26. bxc3 Qc5 27.
Qe4 Rxd1 28. Rxd1 Qxc3 29. Rd6 c5 30. Rd7 a5 31. Qd5 a4 32. Rc7 Qb3 33. Rxc5
Qxd5+ 34. Rxd5 Ra8 35. Rd2 Kf8 36. Kf3 Ke7 37. Ke3 g5 38. f4 a3 39. Ra2 Ke6 40.
h4 gxf4+ 41. gxf4 Kf5 0-1

[Event "21. Copenhagen Open  (Politiken Cup)"]
[Site "Copenhagen"]
[Date "1999.07.05"]
[Round "3"]
[White "Dalso, Harry"]
[Black "Mashiri, Artur"]
[Result "0-1"]
[WhiteElo "1731"]
[BlackElo "2073"]
[PlyCount "92"]
[EventDate "1999.07.03"]
[EventType "swiss"]
[EventRounds "11"]
[EventCountry "DEN"]
[SourceDate "2004.01.01"]

1. Nf3 Nf6 2. g3 g6 3. Bg2 Bg7 4. c4 O-O 5. O-O c5 6. Nc3 Nc6 7. e4 d6 8. d3 a6
9. Be3 Ng4 10. Qd2 Nxe3 11. fxe3 Rb8 12. a4 Bg4 13. Rab1 Qa5 14. Ra1 Rbe8 15.
h3 Bxf3 16. Bxf3 Be5 17. Kg2 e6 18. Rfd1 Qd8 19. Ne2 Bg7 20. Rab1 Ne5 21. Rf1
h5 22. h4 d5 23. cxd5 exd5 24. exd5 Nxf3 25. Rxf3 Qxd5 26. Nc3 Qd7 27. b3 b5
28. axb5 axb5 29. e4 f5 30. Nd5 fxe4 31. Rxf8+ Rxf8 32. dxe4 Qg4 33. Nf4 Kh7
34. Rf1 c4 35. bxc4 bxc4 36. Qd5 c3 37. e5 Qf5 38. e6 Qxd5+ 39. Nxd5 Rxf1 40.
Kxf1 c2 41. e7 c1=Q+ 42. Ke2 Qc8 43. Kd3 Be5 44. Ke4 Qf5+ 45. Ke3 Qe6 46. Kf2
Kg7 0-1

[Event "21. Copenhagen Open  (Politiken Cup)"]
[Site "Copenhagen"]
[Date "1999.07.05"]
[Round "3"]
[White "Dongart, Dennis"]
[Black "Gozzi, Giorgio"]
[Result "1-0"]
[WhiteElo "2095"]
[BlackElo "1657"]
[PlyCount "127"]
[EventDate "1999.07.03"]
[EventType "swiss"]
[EventRounds "11"]
[EventCountry "DEN"]
[SourceDate "2004.01.01"]

1. e4 e6 2. d4 d5 3. exd5 exd5 4. Nf3 Nf6 5. Bd3 Be7 6. O-O O-O 7. Nc3 Bg4 8.
h3 Bh5 9. g4 Bg6 10. Ne5 Bxd3 11. Qxd3 c6 12. Bf4 Nfd7 13. Nf3 h6 14. Rae1 Bf6
15. Ne2 Re8 16. Ng3 Rxe1 17. Rxe1 Nf8 18. Nh5 Nbd7 19. c3 Ne6 20. Bd2 Ng5 21.
Nxf6+ Qxf6 22. Nxg5 hxg5 23. Qe3 Qh6 24. Kg2 Qg6 25. Qe7 Nf6 26. Qxb7 Rf8 27.
Qb3 Ne4 28. Be3 f5 29. f3 fxg4 30. hxg4 Qf6 31. Qd1 Nd6 32. Bf2 Ne4 33. Qe2 Nd2
34. Qe6+ Qxe6 35. Rxe6 Rxf3 36. Re2 Rd3 37. Re3 Rxe3 38. Bxe3 Ne4 39. Kf3 Kf7
40. Bf2 g6 41. Be1 Ke6 42. b3 Kd7 43. c4 Kc7 44. Ba5+ Kb7 45. Bb4 Kb6 46. Ke3
a5 47. Bd2 a4 48. bxa4 Nxd2 49. Kxd2 Ka5 50. cxd5 cxd5 51. Kc3 Kxa4 52. Kb2 Kb4
53. a3+ Kc4 54. Kc2 Kxd4 55. Kd2 Kc4 56. Kc2 d4 57. Kd2 Kb3 58. Kd3 Kxa3 59.
Kxd4 Kb4 60. Ke5 Kc5 61. Kf6 Kd6 62. Kxg5 Ke7 63. Kxg6 Kf8 64. Kh7 1-0

[Event "21. Copenhagen Open  (Politiken Cup)"]
[Site "Copenhagen"]
[Date "1999.07.05"]
[Round "3"]
[White "Elakany, Mohammed"]
[Black "Madhy, Nezar"]
[Result "0-1"]
[WhiteElo "1172"]
[BlackElo "1689"]
[PlyCount "108"]
[EventDate "1999.07.03"]
[EventType "swiss"]
[EventRounds "11"]
[EventCountry "DEN"]
[SourceDate "2004.01.01"]

1. e4 c5 2. Nf3 d6 3. c3 Nc6 4. Bc4 Nf6 5. Ng5 e6 6. d4 cxd4 7. cxd4 h6 8. d5
hxg5 9. dxc6 bxc6 10. Bxg5 Qa5+ 11. Qd2 Qe5 12. Nc3 Nxe4 13. Nxe4 Qxe4+ 14. Be2
Qxg2 15. O-O-O Rxh2 16. Rxh2 Qxh2 17. Qa5 Be7 18. Bxe7 Kxe7 19. Qg5+ Ke8 20.
Bf3 Bb7 21. Qxg7 Qf4+ 22. Kb1 Qxf3 23. Rxd6 Qe4+ 24. Kc1 Qf4+ 25. Rd2 Ke7 26.
Qc3 Rd8 27. Qc5+ Ke8 28. Qc3 Qxd2+ 29. Qxd2 Rxd2 30. Kxd2 Ke7 31. Ke3 Kd6 32.
b3 e5 33. Ke4 Ke6 34. Ke3 f5 35. Kd3 Kd5 36. Ke3 f4+ 37. Kd3 Ba6+ 38. Kd2 e4
39. Kd1 Kd4 40. Kd2 e3+ 41. fxe3+ fxe3+ 42. Kd1 Kc3 43. Ke1 Kb2 44. a4 Kxb3 45.
Kd1 c5 46. a5 Kc3 47. Ke1 e2 48. Kf2 Kd2 49. Kf3 e1=Q 50. Kf4 Bc8 51. Kf3 Qe3+
52. Kg2 Ke2 53. Kh1 Kf2 54. Kh2 Qh6# 0-1

[Event "21. Copenhagen Open  (Politiken Cup)"]
[Site "Copenhagen"]
[Date "1999.07.05"]
[Round "3"]
[White "Fant, Goran"]
[Black "Bjarnason, Larus H"]
[Result "1-0"]
[WhiteElo "2066"]
[BlackElo "1550"]
[PlyCount "83"]
[EventDate "1999.07.03"]
[EventType "swiss"]
[EventRounds "11"]
[EventCountry "DEN"]
[SourceDate "2004.01.01"]

1. d4 c6 2. e3 d5 3. Bd3 Nf6 4. f4 Bg4 5. Nf3 Nbd7 6. O-O Ne4 7. c3 e6 8. Qc2
Bf5 9. Nbd2 Ndf6 10. Ng5 Nxd2 11. Bxd2 Bxd3 12. Qxd3 h6 13. Nf3 Be7 14. Ne5 Nd7
15. b4 Nxe5 16. fxe5 Qc7 17. Rf3 f5 18. exf6 Bxf6 19. e4 O-O-O 20. e5 Be7 21.
Qg6 Qd7 22. Rf7 Rhg8 23. Raf1 Rdf8 24. Be1 Kd8 25. Bh4 Re8 26. Rxe7 Rxe7 27.
Rf7 Rge8 28. Qxg7 a6 29. g4 b6 30. a4 c5 31. Rxe7 Rxe7 32. Qxe7+ Qxe7 33. Bxe7+
Kxe7 34. dxc5 bxc5 35. bxc5 Kd7 36. h4 Kc6 37. g5 hxg5 38. hxg5 Kxc5 39. g6 d4
40. cxd4+ Kxd4 41. g7 Kxe5 42. g8=Q 1-0

[Event "21. Copenhagen Open  (Politiken Cup)"]
[Site "Copenhagen"]
[Date "1999.07.05"]
[Round "3"]
[White "Gabrielsen, Stig"]
[Black "Schyberg, Brian"]
[Result "1-0"]
[WhiteElo "2295"]
[BlackElo "1954"]
[PlyCount "99"]
[EventDate "1999.07.03"]
[EventType "swiss"]
[EventRounds "11"]
[EventCountry "DEN"]
[SourceDate "2004.01.01"]

1. e4 Nc6 2. Nf3 d6 3. d4 Bg4 4. Bb5 a6 5. Bxc6+ bxc6 6. h3 Bd7 7. O-O g6 8.
Nc3 Bg7 9. Bg5 Qb8 10. Re1 Qxb2 11. Qd2 Qb8 12. e5 h6 13. Bh4 g5 14. Bg3 Bf5
15. d5 c5 16. Rab1 Qd8 17. Nd1 Bg6 18. Rb3 Kf8 19. Ne3 f6 20. exd6 exd6 21. Nc4
Ne7 22. Rb7 Nf5 23. Bh2 Rb8 24. Reb1 Rxb7 25. Rxb7 Qc8 26. Na5 Kg8 27. Qe2 Nd4
28. Nxd4 cxd4 29. Qc4 Qe8 30. Kf1 Kh7 31. Qxc7 Rg8 32. Bxd6 d3 33. cxd3 Bxd3+
34. Kg1 Qe1+ 35. Kh2 Qxf2 36. Qc5 Qxa2 37. Qd4 Bf1 38. Qe4+ Kh8 39. Nc6 f5 40.
Qf3 g4 41. hxg4 fxg4 42. Qe4 Qe2 43. Qxe2 Bxe2 44. Bg3 Bf6 45. d6 h5 46. d7 h4
47. Be5 g3+ 48. Kg1 Bxe5 49. Nxe5 Rf8 50. Ng6+ 1-0